Normal view
MARC view
- Electric heat tracing system.
Entry Topical Term
001 - CONTROL NUMBER
- control field: 66017
003 - CONTROL NUMBER IDENTIFIER
- control field: OSt
005 - DATE AND TIME OF LATEST TRANSACTION
- control field: 20250328163132.0
008 - FIXED-LENGTH DATA ELEMENTS
- fixed length control field: 250328|| aca||babn | a|a d
040 ## - CATALOGING SOURCE
- Original cataloging agency: OSt
150 ## - HEADING--TOPICAL TERM
- Topical term or geographic name entry element: Electric heat tracing system.
